000 00651nam a22002057a 4500
005 20140318144608.0
010 _aENG-109468
020 _c150.00
035 _aEN-93001
037 _bDBAD/PUB
082 _a628
100 _aArumugam, N.
245 0 0 _aEnvironmental science and engineering :
_cby N. Arumugam [and] V. Kumaresan
_bAnna university syllabus /
250 _a3rd ed
260 _aKanyakumari
_bSaras Publicaton
_c2013
270 _a114/35G, A.R.P. Camp Road, Periavilai, Kottar, Nagercoil
_bKanyakumari
_e629002
300 _axiv,562p. :
_c23cm(pbk)
_bill.
700 _aKumaresan, V.
942 _2ddc
_cEN
_mARU
_h628
999 _c82750
_d82750